000 00264nam a22001217a 4500
008 170831b xxu||||| |||| 00| 0 eng d
041 _aeng
080 _a070
100 _a40
101 _aMED
245 _aCOLLEGE READING SERIES
_cMIFFLI.H
942 _2udc
_cBK
999 _c25716
_d25716